[Event "Quebec-ch 1/2 final-1"]
[Site "Montreal CAN"]
[Date "2009.06.06"]
[Round "2"]
[White "Page-Fortin, Mathieu"]
[Black "Fareh, Youness"]
[Result "0-1"]
[WhiteElo "1777"]
[BlackElo "2179"]
[PlyCount "78"]
[GameId "2160767910156490"]
[EventDate "2009.06.05"]
[EventType "tourn"]
[EventRounds "4"]
[EventCountry "CAN"]
[SourceTitle "hb 2009.08"]

1. e4 c5 2. Nf3 Nc6 3. d4 cxd4 4. Nxd4 Nf6 5. Nc3 e6 6. Be3 Bb4 7. Bd3 d5 8. O-O Bxc3 9. bxc3 dxe4 10. Nxc6 bxc6 11. Bc4 O-O 12. Bc5 Re8 13. Qe2 Qa5 14. Bb4 Qf5 15. f3 a5 16. Bd6 Ra7 17. Rae1 Rd7 18. fxe4 Qxe4 19. Qxe4 Nxe4 20. Rxe4 Rxd6 21. Rd4 Red8 22. Rfd1 Rxd4 23. Rxd4 Rd7 24. Kf2 c5 25. Rd3 Kf8 26. Bb5 Rd5 27. Rxd5 exd5 28. Bc6 Be6 29. a3 Ke7 30. Ke3 Kd6 31. Bb5 Ke5 32. Be2 g5 33. Bh5 g4 34. g3 Kf5 35. h3 gxh3 36. Bf3 Ke5 37. Bh1 Bf5 38. c4 d4+ 39. Kd2 Be4 0-1

[Event "Quebec-ch 1/2 final-1"]
[Site "Montreal CAN"]
[Date "2009.06.06"]
[Round "3"]
[White "Desjardins, Michel"]
[Black "Page-Fortin, Mathieu"]
[Result "0-1"]
[WhiteElo "1923"]
[BlackElo "1777"]
[PlyCount "68"]
[GameId "2160767910156491"]
[EventDate "2009.06.05"]
[EventType "tourn"]
[EventRounds "4"]
[EventCountry "CAN"]
[SourceTitle "hb 2009.08"]

1. e4 e6 2. d3 d5 3. Nd2 c5 4. g3 Nc6 5. Bg2 Nf6 6. Ngf3 Be7 7. O-O O-O 8. e5 Nd7 9. Re1 Qc7 10. Qe2 b5 11. h4 c4 12. d4 Qb6 13. Qe3 Nb4 14. Qc3 f6 15. exf6 Rxf6 16. Nf1 Nc6 17. Qd2 Bb7 18. N1h2 Raf8 19. c3 e5 20. Re2 b4 21. dxe5 Ncxe5 22. Nxe5 Nxe5 23. Bxd5+ Kh8 24. Bxb7 Rxf2 25. Rxf2 Rxf2 26. Qxf2 Bc5 27. Qxc5 Qxc5+ 28. Kg2 Nd3 29. Be4 Qf2+ 30. Kh3 Qe2 31. Bf3 Qe1 32. cxb4 Qg1 33. Be3 Qxa1 34. Bxa7 Qxb2 0-1

[Event "Quebec-ch 1/2 final-1"]
[Site "Montreal CAN"]
[Date "2009.06.06"]
[Round "3"]
[White "Fareh, Youness"]
[Black "Deschenes, Marc-Andre"]
[Result "1/2-1/2"]
[WhiteElo "2179"]
[BlackElo "1836"]
[PlyCount "70"]
[GameId "2160767910156492"]
[EventDate "2009.06.05"]
[EventType "tourn"]
[EventRounds "4"]
[EventCountry "CAN"]
[SourceTitle "hb 2009.08"]

1. Nf3 d5 2. c4 e6 3. g3 Nf6 4. Bg2 Be7 5. O-O O-O 6. Ne5 c6 7. d4 b6 8. b3 Bb7 9. Bb2 Nbd7 10. Nd2 Rc8 11. Rc1 c5 12. e3 Qc7 13. cxd5 Nxd5 14. Nxd7 Qxd7 15. Nc4 cxd4 16. Bxd4 Rfd8 17. Qf3 Ba6 18. Rfd1 Qe8 19. Ne5 Bf6 20. h4 Rxc1 21. Rxc1 Rc8 22. Qd1 Nb4 23. a3 Rxc1 24. Qxc1 Bxe5 25. Bxe5 Nd3 26. Qc7 Nxe5 27. Qxe5 Qc8 28. h5 Bb7 29. Bxb7 Qxb7 30. b4 h6 31. b5 Qc8 32. Qd6 Qf8 33. Qd3 Qc5 34. Qd8+ Qf8 35. Qd3 Qc5 1/2-1/2

[Event "Quebec-ch 1/2 final-1"]
[Site "Montreal CAN"]
[Date "2009.06.06"]
[Round "3"]
[White "O'Connor, Michael"]
[Black "Luo, Zhao Yang"]
[Result "0-1"]
[WhiteElo "1780"]
[BlackElo "1760"]
[PlyCount "92"]
[GameId "2160767910156493"]
[EventDate "2009.06.05"]
[EventType "tourn"]
[EventRounds "4"]
[EventCountry "CAN"]
[SourceTitle "hb 2009.08"]

1. d4 Nf6 2. c4 g6 3. Nf3 Bg7 4. Nc3 O-O 5. e4 d6 6. Be2 e5 7. Be3 Nbd7 8. d5 Ne8 9. Bg5 f6 10. Bh4 a5 11. Nd2 g5 12. Bg3 Nc5 13. Nb3 f5 14. Nxc5 dxc5 15. exf5 Bxf5 16. Bg4 Nd6 17. Bxf5 Nxf5 18. O-O Ra6 19. Re1 Nxg3 20. hxg3 Raf6 21. Ne4 Rf5 22. Nxc5 Qf6 23. Ne6 Rf7 24. f3 g4 25. fxg4 Rf2 26. Rf1 e4 27. Nf4 Rxf1+ 28. Qxf1 Qxb2 29. Rb1 Qxa2 30. Rxb7 e3 31. Rb8+ Bf8 32. Re8 a4 33. Qd3 a3 34. Kh2 Qb2 35. Qxe3 a2 36. Nd3 Qg7 37. Ra8 a1=Q 38. Rxa1 Qxa1 39. Ne5 Rg7 40. Nf3 Qa6 41. Qd3 Rxg4 42. Ne5 Rg7 43. Qe4 Qh6+ 44. Kg1 Rxg3 45. Qf5 Bc5+ 46. Kf1 Qh1+ 0-1

[Event "Quebec-ch 1/2 final-1"]
[Site "Montreal CAN"]
[Date "2009.06.07"]
[Round "4"]
[White "Luo, Zhao Yang"]
[Black "Fareh, Youness"]
[Result "0-1"]
[WhiteElo "1760"]
[BlackElo "2179"]
[PlyCount "62"]
[GameId "2160767910156494"]
[EventDate "2009.06.05"]
[EventType "tourn"]
[EventRounds "4"]
[EventCountry "CAN"]
[SourceTitle "hb 2009.08"]

1. d4 Nf6 2. c4 c5 3. d5 b5 4. b3 g6 5. Bb2 Bg7 6. Nd2 O-O 7. Qc2 d6 8. e4 bxc4 9. bxc4 Nbd7 10. Be2 Rb8 11. Rb1 Nb6 12. f4 Bd7 13. Ba1 Qc7 14. Ngf3 Rb7 15. O-O Rfb8 16. h3 Ba4 17. Qd3 Nh5 18. Ng5 Bxa1 19. Rxa1 Ng7 20. e5 Nf5 21. Bg4 Nd4 22. Ndf3 Bc2 23. Qd2 Nxc4 24. Qf2 Rb2 25. Qh4 h5 26. Bxh5 gxh5 27. Qxh5 Bg6 28. Qh6 Nf5 29. Ne6 Nxh6 30. Nxc7 Rc8 31. Rac1 Ne3 0-1

[Event "Quebec-ch 1/2 final-1"]
[Site "Montreal CAN"]
[Date "2009.06.07"]
[Round "4"]
[White "Page-Fortin, Mathieu"]
[Black "Deschenes, Marc-Andre"]
[Result "1/2-1/2"]
[WhiteElo "1777"]
[BlackElo "1836"]
[PlyCount "129"]
[GameId "2160767910156495"]
[EventDate "2009.06.05"]
[EventType "tourn"]
[EventRounds "4"]
[EventCountry "CAN"]
[SourceTitle "hb 2009.08"]

1. e4 c5 2. Nf3 Nc6 3. d4 cxd4 4. Nxd4 e5 5. Nb5 a6 6. Nd6+ Bxd6 7. Qxd6 Qf6 8. Qd1 Qg6 9. Nc3 Nge7 10. Be3 d5 11. Nxd5 Nxd5 12. Qxd5 Be6 13. Qc5 Qxe4 14. f3 Qb4+ 15. Qxb4 Nxb4 16. Bd3 Bxa2 17. Rxa2 Nxa2 18. c3 O-O 19. Bb1 Nxc3 20. bxc3 Rac8 21. Kd2 Rfd8+ 22. Kc2 b5 23. Ba2 Kf8 24. Re1 Rd6 25. Bc1 Rdc6 26. Ba3+ Kg8 27. Bb4 a5 28. Bd5 axb4 29. Bxc6 Rxc6 30. Rxe5 Rxc3+ 31. Kd2 f6 32. Rxb5 Ra3 33. Rxb4 Ra2+ 34. Ke3 Rxg2 35. h4 Rh2 36. Rf4 Kf7 37. Ke4 Kg6 38. Rg4+ Kh6 39. Kf4 g6 40. Kg3 Rh1 41. Kg2 Rc1 42. Ra4 Kh5 43. Rf4 f5 44. Ra4 h6 45. Rb4 Rc2+ 46. Kg3 g5 47. hxg5 hxg5 48. Rb8 f4+ 49. Kh3 Rf2 50. Rb3 Re2 51. Rb8 Re6 52. Rh8+ Rh6 53. Rg8 Rh7 54. Kg2 Re7 55. Kh3 Re3 56. Rh8+ Kg6 57. Rg8+ Kf6 58. Kg4 Re2 59. Rf8+ Ke7 60. Rf5 Rg2+ 61. Kh5 Rg3 62. Rxg5 Kf6 63. Ra5 Rxf3 64. Kg4 Rf1 65. Rf5+ 1/2-1/2

[Event "Quebec-ch 1/2 final-2"]
[Site "Montreal CAN"]
[Date "2009.06.12"]
[Round "1"]
[White "Jiang, Louie"]
[Black "Fareh, Youness"]
[Result "1-0"]
[WhiteElo "2236"]
[BlackElo "2175"]
[PlyCount "85"]
[GameId "2160767910156470"]
[EventDate "2009.06.12"]
[EventType "tourn"]
[EventRounds "5"]
[EventCountry "CAN"]
[SourceTitle "hb 2009.08"]

1. e4 c5 2. Nf3 Nc6 3. d4 cxd4 4. Nxd4 Nf6 5. Nc3 e6 6. Ndb5 Bb4 7. a3 Bxc3+ 8. Nxc3 d5 9. exd5 exd5 10. Bd3 O-O 11. O-O d4 12. Ne2 Bg4 13. f3 Bh5 14. Nf4 Bg6 15. Nxg6 hxg6 16. Bg5 Qd6 17. Qd2 Rfe8 18. Rae1 Nd5 19. Kh1 Qc5 20. Be4 Nf6 21. Bxf6 gxf6 22. b4 Qc4 23. g4 Kg7 24. Qd3 Qxd3 25. cxd3 Rad8 26. Rc1 Rd6 27. f4 a6 28. Rc4 Kf8 29. Kg2 Nd8 30. Rc7 Re7 31. Rfc1 b6 32. h4 Rxc7 33. Rxc7 Ne6 34. Rc8+ Rd8 35. Rxd8+ Nxd8 36. f5 gxf5 37. gxf5 Kg7 38. a4 a5 39. b5 Kh6 40. Bf3 Kg7 41. Kg3 Kf8 42. Kf4 Ke7 43. Ba8 1-0

[Event "Quebec-ch 1/2 final-2"]
[Site "Montreal CAN"]
[Date "2009.06.12"]
[Round "1"]
[White "Luo, Zhao Yang"]
[Black "Masse, Hugues"]
[Result "0-1"]
[WhiteElo "1814"]
[BlackElo "2266"]
[PlyCount "188"]
[GameId "2160767910156471"]
[EventDate "2009.06.12"]
[EventType "tourn"]
[EventRounds "5"]
[EventCountry "CAN"]
[SourceTitle "hb 2009.08"]

1. d4 Nf6 2. c4 g6 3. Nc3 d5 4. cxd5 Nxd5 5. e4 Nxc3 6. bxc3 Bg7 7. Nf3 c5 8. Be3 Qa5 9. Qb3 cxd4 10. Qb5+ Nc6 11. Qxa5 Nxa5 12. Bb5+ Bd7 13. Bxd7+ Kxd7 14. Bxd4 f6 15. Rd1 Kc6 16. e5 Nc4 17. e6 Bh6 18. O-O Rhd8 19. Rb1 Rd5 20. Rb4 b5 21. a4 a6 22. Ra1 Kb7 23. Rab1 Kc6 24. Ra1 Rdd8 25. Rab1 Rab8 26. Ba7 Rb7 27. axb5+ axb5 28. Nd4+ Kd5 29. Nxb5 Ra8 30. Rd1+ Ke5 31. Bd4+ Kxe6 32. Bc5 Kf7 33. Rdb1 Rab8 34. Ba7 Rc8 35. Rxc4 Rxb5 36. Rcb4 Rd5 37. c4 Rd7 38. Bb6 Bd2 39. Ra4 Rc6 40. c5 Bc3 41. Rc1 Bd4 42. Kf1 e5 43. Ke2 Ke6 44. Rd1 Rb7 45. Rc1 Rb8 46. Kd3 Rbc8 47. f3 Bxc5 48. Bxc5 Rxc5 49. Rxc5 Rxc5 50. Ra1 Rd5+ 51. Ke3 h5 52. h3 Rd6 53. g4 Rb6 54. Ra2 Rb3+ 55. Kf2 Rb6 56. Re2 Kf7 57. Kg3 Rb4 58. Rc2 Kg7 59. Re2 Kh6 60. Rc2 Kg5 61. h4+ Kh6 62. Rc6 Rf4 63. Re6 Kg7 64. Rd6 hxg4 65. fxg4 Ra4 66. Rd3 Kf7 67. Rf3 Ke6 68. h5 gxh5 69. gxh5 Ra1 70. Kg2 Ra2+ 71. Kg3 f5 72. h6 f4+ 73. Kg4 Rg2+ 74. Kh5 Kf5 75. Rh3 Rg5+ 76. Kh4 Rg4+ 77. Kh5 Rg5+ 78. Kh4 Rg8 79. Ra3 Ke4 80. Rh3 f3 81. h7 Rh8 82. Kg4 f2 83. Rf3 Rxh7 84. Rxf2 Rg7+ 85. Kh3 Ke3 86. Rb2 e4 87. Rb3+ Kf2 88. Rb2+ Kf3 89. Kh2 e3 90. Rb1 Kf2 91. Rb2+ e2 92. Kh3 Kf1 93. Rb1+ e1=Q 94. Rxe1+ Kxe1 0-1

[Event "Quebec-ch 1/2 final-2"]
[Site "Montreal CAN"]
[Date "2009.06.13"]
[Round "2"]
[White "Jiang, Louie"]
[Black "Luo, Zhao Yang"]
[Result "1-0"]
[WhiteElo "2236"]
[BlackElo "1814"]
[PlyCount "105"]
[GameId "2160767910156472"]
[EventDate "2009.06.12"]
[EventType "tourn"]
[EventRounds "5"]
[EventCountry "CAN"]
[SourceTitle "hb 2009.08"]

1. e4 c6 2. d4 d5 3. Nd2 dxe4 4. Nxe4 Bf5 5. Ng3 Bg6 6. h4 h6 7. Nf3 Nd7 8. h5 Bh7 9. Bd3 Bxd3 10. Qxd3 Ngf6 11. Bf4 e6 12. O-O-O Nd5 13. Bd2 Bd6 14. Ne4 Bc7 15. c4 N5f6 16. Bc3 Nxe4 17. Qxe4 Nf6 18. Qe2 Qe7 19. Kb1 O-O-O 20. g3 Rhe8 21. a3 c5 22. Ne5 cxd4 23. Bb4 Bd6 24. c5 Bxe5 25. Qxe5 Rd5 26. Qe2 Qd7 27. Qc4 Kb8 28. Rh4 e5 29. Bd2 Qf5+ 30. Ka1 Qxf2 31. Rhh1 Qf5 32. Rdf1 Qe6 33. Bxh6 Ne4 34. Bxg7 Nd2 35. Qa4 Nxf1 36. Rxf1 Rg8 37. h6 Rdd8 38. Bf6 Rc8 39. Qb5 Rg6 40. c6 Qxc6 41. Qxe5+ Ka8 42. h7 Rxf6 43. Qxf6 Qxf6 44. Rxf6 a6 45. Rxf7 d3 46. Rd7 Rh8 47. Kb1 Kb8 48. Kc1 Kc8 49. Rg7 Rd8 50. Kd2 Re8 51. Rg8 Kd7 52. Rxe8 Kxe8 53. h8=Q+ 1-0

[Event "Quebec-ch 1/2 final-2"]
[Site "Montreal CAN"]
[Date "2009.06.13"]
[Round "2"]
[White "Masse, Hugues"]
[Black "Ye, Ling Feng"]
[Result "1/2-1/2"]
[WhiteElo "2266"]
[BlackElo "2228"]
[PlyCount "49"]
[GameId "2160767910156473"]
[EventDate "2009.06.12"]
[EventType "tourn"]
[EventRounds "5"]
[EventCountry "CAN"]
[SourceTitle "hb 2009.08"]

1. d4 d5 2. c4 e6 3. Nc3 Be7 4. Nf3 Nf6 5. Bg5 O-O 6. e3 a6 7. cxd5 exd5 8. Qc2 Nbd7 9. Bd3 c6 10. O-O Re8 11. Rab1 Nf8 12. b4 Bd6 13. a4 Bg4 14. Nd2 Bh5 15. h3 b5 16. axb5 axb5 17. e4 dxe4 18. Ncxe4 Be7 19. Ng3 Bg6 20. Bxg6 hxg6 21. Qxc6 Qxd4 22. Qxb5 Rab8 23. Qc4 Qxc4 24. Nxc4 Rxb4 25. Rxb4 1/2-1/2

[Event "Quebec-ch 1/2 final-2"]
[Site "Montreal CAN"]
[Date "2009.06.13"]
[Round "3"]
[White "Luo, Zhao Yang"]
[Black "Fareh, Youness"]
[Result "1/2-1/2"]
[WhiteElo "1814"]
[BlackElo "2175"]
[PlyCount "75"]
[GameId "2160767910156474"]
[EventDate "2009.06.12"]
[EventType "tourn"]
[EventRounds "5"]
[EventCountry "CAN"]
[SourceTitle "hb 2009.08"]

1. d4 Nf6 2. c4 e5 3. dxe5 Ng4 4. Nf3 Nc6 5. Bf4 Bb4+ 6. Nc3 Qe7 7. Qc2 Ngxe5 8. Nxe5 Nxe5 9. a3 Bxc3+ 10. Qxc3 d6 11. c5 Bf5 12. cxd6 cxd6 13. e3 Rc8 14. Bb5+ Kf8 15. Qd4 a6 16. Be2 f6 17. O-O Kf7 18. Rfd1 Rhd8 19. Rac1 Rxc1 20. Rxc1 Rc8 21. Rd1 Rd8 22. b4 Qc7 23. e4 Be6 24. Rc1 Qd7 25. Qb6 Nc6 26. Rd1 Ne5 27. b5 Bc4 28. Bxe5 Bxe2 29. Rxd6 Qc8 30. Rxf6+ Kg8 31. h3 Rd1+ 32. Kh2 gxf6 33. Qxf6 Qd7 34. Qh8+ Kf7 35. Qxh7+ Kf8 36. Qh8+ Kf7 37. Qf6+ Ke8 38. Qh8+ 1/2-1/2

[Event "Quebec-ch 1/2 final-2"]
[Site "Montreal CAN"]
[Date "2009.06.13"]
[Round "3"]
[White "Ye, Ling Feng"]
[Black "Jiang, Louie"]
[Result "1/2-1/2"]
[WhiteElo "2228"]
[BlackElo "2236"]
[PlyCount "43"]
[GameId "2160767910156475"]
[EventDate "2009.06.12"]
[EventType "tourn"]
[EventRounds "5"]
[EventCountry "CAN"]
[SourceTitle "hb 2009.08"]

1. e4 c5 2. Nf3 a6 3. c3 d5 4. exd5 Qxd5 5. d4 Nf6 6. Be2 e6 7. O-O Nc6 8. Be3 cxd4 9. Nxd4 Nxd4 10. Bxd4 Bc5 11. Bf3 Qd6 12. Bxc5 Qxc5 13. b4 Qc7 14. Qe2 O-O 15. Rd1 Bd7 16. c4 Rac8 17. Nd2 Rfd8 18. Rac1 e5 19. Ne4 Nxe4 20. Bxe4 Ba4 21. Rd5 Rxd5 22. Bxd5 1/2-1/2

[Event "Quebec-ch 1/2 final-2"]
[Site "Montreal CAN"]
[Date "2009.06.14"]
[Round "4"]
[White "Fareh, Youness"]
[Black "Masse, Hugues"]
[Result "1/2-1/2"]
[WhiteElo "2175"]
[BlackElo "2266"]
[PlyCount "129"]
[GameId "2160767910156476"]
[EventDate "2009.06.12"]
[EventType "tourn"]
[EventRounds "5"]
[EventCountry "CAN"]
[SourceTitle "hb 2009.08"]

1. Nf3 Nf6 2. g3 g6 3. Bg2 Bg7 4. O-O O-O 5. c4 d5 6. d4 dxc4 7. Na3 Nc6 8. Nxc4 Be6 9. Nce5 Bd5 10. Qa4 Qe8 11. Qc2 Qc8 12. Bg5 h6 13. Bxf6 exf6 14. Nxc6 Bxc6 15. e4 f5 16. exf5 Qxf5 17. Qxf5 gxf5 18. Nh4 Bd7 19. Rfd1 Bf6 20. Nf3 c6 21. Ne5 Be6 22. f4 Rfd8 23. Kf2 Bd5 24. Bh3 Be4 25. Ke3 Bg7 26. Rac1 Rd5 27. Bf1 Rad8 28. Bc4 Bxe5 29. Bxd5 Bxd4+ 30. Rxd4 Bxd5 31. a4 Kg7 32. b4 a6 33. Kd2 Kf6 34. Re1 Rc8 35. b5 axb5 36. axb5 Ra8 37. bxc6 bxc6 38. Kc3 Ra3+ 39. Kb4 Ra2 40. h3 Rh2 41. h4 Rb2+ 42. Kc5 Rb3 43. Rg1 Rc3+ 44. Kd6 Bf3 45. Rb4 Bg4 46. Rbb1 Bf3 47. Rbc1 Rd3+ 48. Kc5 Bd5 49. Rcd1 Rc3+ 50. Kd6 Ra3 51. Ra1 Rd3 52. Kc5 Rc3+ 53. Kd4 Rb3 54. Ra8 Rb4+ 55. Kc5 Rc4+ 56. Kd6 Re4 57. Rg8 Re6+ 58. Kc5 Bf3 59. Ra1 Re3 60. Ra6 Rc3+ 61. Kd4 Rb3 62. Rd8 Bg2 63. Rg8 Bf3 64. Kc4 Bd5+ 65. Kd4 1/2-1/2

[Event "Quebec-ch 1/2 final-2"]
[Site "Montreal CAN"]
[Date "2009.06.14"]
[Round "4"]
[White "Luo, Zhao Yang"]
[Black "Ye, Ling Feng"]
[Result "0-1"]
[WhiteElo "1814"]
[BlackElo "2228"]
[PlyCount "76"]
[GameId "2160767910156477"]
[EventDate "2009.06.12"]
[EventType "tourn"]
[EventRounds "5"]
[EventCountry "CAN"]
[SourceTitle "hb 2009.08"]

1. d4 d5 2. c4 e6 3. Nf3 Nf6 4. Nc3 Be7 5. Bg5 O-O 6. e3 Nbd7 7. Bd3 a6 8. cxd5 exd5 9. Qb3 c6 10. O-O Re8 11. Rac1 Nf8 12. Ne5 N6d7 13. Bf4 Nxe5 14. Bxe5 Bd6 15. Bxd6 Qxd6 16. Rfd1 Ne6 17. Bb1 Ng5 18. h4 Ne4 19. Nxe4 dxe4 20. d5 Qg6 21. dxc6 bxc6 22. Qc4 Bg4 23. Rd4 Bf3 24. g3 Qg4 25. Kh2 Re6 26. Qxa6 Rf8 27. Rxc6 Be2 28. Rxe6 Bxa6 29. Rxa6 Qe2 30. Ra3 Qxf2+ 31. Kh3 Qf1+ 32. Kg4 Qxb1 33. b4 f5+ 34. Kf4 Qb2 35. Ra7 Qf2+ 36. Ke5 Qxg3+ 37. Ke6 Qg6+ 38. Ke5 Re8+ 0-1

[Event "Quebec-ch 1/2 final-2"]
[Site "Montreal CAN"]
[Date "2009.06.14"]
[Round "5"]
[White "Masse, Hugues"]
[Black "Jiang, Louie"]
[Result "1/2-1/2"]
[WhiteElo "2266"]
[BlackElo "2236"]
[PlyCount "77"]
[GameId "2160767910156478"]
[EventDate "2009.06.12"]
[EventType "tourn"]
[EventRounds "5"]
[EventCountry "CAN"]
[SourceTitle "hb 2009.08"]

1. d4 d5 2. c4 e6 3. Nc3 Nf6 4. Bg5 c6 5. e3 Nbd7 6. Nf3 Qa5 7. Nd2 Bb4 8. Qc2 O-O 9. Be2 c5 10. O-O cxd4 11. Nb3 Qc7 12. Nb5 Qb8 13. a3 a6 14. axb4 axb5 15. Rxa8 Qxa8 16. cxd5 dxe3 17. dxe6 exf2+ 18. Rxf2 fxe6 19. Bxb5 Nd5 20. Rxf8+ Nxf8 21. Bd2 Bd7 22. Bd3 Qe8 23. Nc5 Bc6 24. h3 b6 25. Ne4 Bb5 26. Bc3 Ng6 27. Bxb5 Qxb5 28. Qd2 Qc6 29. Ng5 h6 30. Nf3 Ndf4 31. Kh2 Kh7 32. Qe3 Qd5 33. Qxb6 e5 34. Qe3 Nd3 35. Nd2 Qb5 36. Qe4 Nf2 37. Qf3 Nd3 38. Qe4 Nf2 39. Qf3 1/2-1/2

[Event "Quebec-ch 1/2 final-2"]
[Site "Montreal CAN"]
[Date "2009.06.14"]
[Round "5"]
[White "Ye, Ling Feng"]
[Black "Fareh, Youness"]
[Result "1/2-1/2"]
[WhiteElo "2228"]
[BlackElo "2175"]
[PlyCount "59"]
[GameId "2160767910156479"]
[EventDate "2009.06.12"]
[EventType "tourn"]
[EventRounds "5"]
[EventCountry "CAN"]
[SourceTitle "hb 2009.08"]

1. e4 c5 2. Nc3 e6 3. Nge2 Nc6 4. d4 cxd4 5. Nxd4 Nf6 6. Ndb5 Bb4 7. a3 Bxc3+ 8. Nxc3 d5 9. exd5 exd5 10. Bd3 O-O 11. O-O d4 12. Ne2 Bg4 13. Bg5 Qd6 14. f3 Bh5 15. Qd2 Bg6 16. Qf4 Qxf4 17. Nxf4 Bxd3 18. Nxd3 Nd7 19. Rfe1 Rfe8 20. Rad1 f6 21. Bh4 Nde5 22. Bf2 Nxd3 23. Rxd3 Rxe1+ 24. Bxe1 Kf7 25. Bf2 Rd8 26. f4 Ke6 27. g3 Kd5 28. Kg2 a5 29. Kf3 a4 30. g4 1/2-1/2

[Event "Quebec-ch U10"]
[Site "Montreal CAN"]
[Date "2009.11.27"]
[Round "1"]
[White "Morin-Pare, Eloi"]
[Black "Gervais, Emile"]
[Result "1-0"]
[WhiteElo "979"]
[BlackElo "1386"]
[PlyCount "151"]
[GameId "2160767910030092"]
[EventDate "2009.11.27"]
[EventType "swiss"]
[EventRounds "5"]
[EventCountry "CAN"]
[SourceTitle "hb 2010.01"]

1. e4 e5 2. Nf3 Nc6 3. Nc3 Nf6 4. Bb5 a6 5. Bxc6 dxc6 6. Nxe5 Qe7 7. Nf3 Nxe4 8. O-O Nxc3 9. dxc3 Qd7 10. Re1+ Be7 11. Qxd7+ Bxd7 12. Bg5 f6 13. Bf4 Rc8 14. Rad1 Bf5 15. Rd2 Bg4 16. Red1 Bxf3 17. gxf3 O-O 18. Rd7 Rfd8 19. Bxc7 Rxc7 20. Rxd8+ Bxd8 21. Rxd8+ Kf7 22. Rd1 b5 23. b3 c5 24. c4 Ra7 25. Rd5 Rc7 26. a3 bxc4 27. bxc4 Rc6 28. Rd7+ Kg6 29. h4 Kh6 30. f4 Kg6 31. f5+ Kxf5 32. Rxg7 Re6 33. Rxh7 Kg4 34. Kg2 Re5 35. f3+ Kf5 36. Rh5+ Kg6 37. Rxe5 fxe5 38. Kg3 Kh5 39. a4 a5 40. c3 Kh6 41. Kg4 Kg6 42. h5+ Kh6 43. Kh4 Kh7 44. Kg5 Kh8 45. Kg6 Kg8 46. Kf5 Kg7 47. Kg5 Kh7 48. h6 Kg8 49. Kf5 Kh7 50. Kxe5 Kxh6 51. f4 Kg7 52. Ke6 Kf8 53. Kf6 Ke8 54. Kg7 Ke7 55. f5 Kd6 56. f6 Ke5 57. f7 Ke4 58. f8=Q Ke3 59. Qxc5+ Kd2 60. Qe5 Kc2 61. Qe2+ Kxc3 62. Qe3+ Kxc4 63. Qe5 Kb4 64. Qc7 Kxa4 65. Qb6 Ka3 66. Qxa5+ Kb3 67. Qc5 Kb2 68. Qc4 Kb1 69. Qc3 Ka2 70. Qb4 Ka1 71. Kf6 Ka2 72. Ke5 Ka1 73. Kd4 Ka2 74. Kc3 Ka1 75. Kc2 Ka2 76. Qb2# 1-0

[Event "Quebec-ch U10"]
[Site "Montreal CAN"]
[Date "2009.11.27"]
[Round "1"]
[White "Saine, Zachary"]
[Black "Boissiere, Nicolas"]
[Result "1-0"]
[WhiteElo "1359"]
[BlackElo "1021"]
[PlyCount "41"]
[GameId "2160767910030093"]
[EventDate "2009.11.27"]
[EventType "swiss"]
[EventRounds "5"]
[EventCountry "CAN"]
[SourceTitle "hb 2010.01"]

1. e4 e5 2. Nf3 Nc6 3. Bc4 Nf6 4. Nc3 Bc5 5. O-O O-O 6. d3 d6 7. Bg5 Bg4 8. Nd5 Nd4 9. Nxf6+ gxf6 10. Bh6 Re8 11. Kh1 Nxf3 12. gxf3 Bh3 13. f4 Kh8 14. Rg1 Rg8 15. Qh5 Rxg1+ 16. Rxg1 Qd7 17. Bg7+ Kg8 18. Bxf6+ Kf8 19. Qxh7 Qg4 20. Qh8+ Qg8 21. Rxg8# 1-0

[Event "Quebec-ch U10"]
[Site "Montreal CAN"]
[Date "2009.11.27"]
[Round "1"]
[White "Wang, Kelly"]
[Black "Brichko, Kate"]
[Result "1-0"]
[WhiteElo "1531"]
[BlackElo "936"]
[PlyCount "99"]
[GameId "2160767910030094"]
[EventDate "2009.11.27"]
[EventType "swiss"]
[EventRounds "5"]
[EventCountry "CAN"]
[SourceTitle "hb 2010.01"]

1. e4 e5 2. Nf3 Nc6 3. Bc4 Bc5 4. c3 d6 5. d4 Bb6 6. O-O Nf6 7. Bg5 h6 8. Bxf6 Qxf6 9. d5 Ne7 10. Nbd2 O-O 11. h3 Qg6 12. Kh1 Qh5 13. Nh2 Qg6 14. Qf3 Qg5 15. Rad1 Ng6 16. Qg3 Qf6 17. b4 a6 18. Be2 Nf4 19. Bg4 h5 20. Bxc8 Ne2 21. Qf3 Nf4 22. Bxb7 Ra7 23. Bc6 Qg6 24. a4 f5 25. a5 fxe4 26. Qxe4 Qg5 27. axb6 cxb6 28. Rg1 Ng6 29. Nhf3 Qh6 30. Qe3 Nf4 31. Qxb6 Raf7 32. Qe3 Re7 33. Ne4 h4 34. Ra1 Qh5 35. Nfg5 Ng6 36. Ne6 Rf5 37. Nxd6 Rf6 38. Ne4 Rf5 39. N6c5 Nf4 40. d6 Ra7 41. d7 Rf8 42. Rad1 Nxg2 43. Kxg2 Qg6+ 44. Kh2 Qxc6 45. d8=Q Rxd8 46. Rxd8+ Kh7 47. Ng5+ Kh6 48. Nf7+ Kh5 49. Rh8+ Qh6 50. Rxh6+ 1-0

[Event "Quebec-ch U10"]
[Site "Montreal CAN"]
[Date "2009.11.27"]
[Round "1"]
[White "Zhu, Boyu"]
[Black "Chang, Michael"]
[Result "0-1"]
[WhiteElo "962"]
[BlackElo "1588"]
[PlyCount "48"]
[GameId "2160767910030095"]
[EventDate "2009.11.27"]
[EventType "swiss"]
[EventRounds "5"]
[EventCountry "CAN"]
[SourceTitle "hb 2010.01"]

1. e4 c6 2. Nf3 d5 3. Nc3 dxe4 4. Nxe4 Bf5 5. Bd3 Bxe4 6. Bxe4 Nf6 7. Ng5 h6 8. d3 hxg5 9. Bxg5 Nxe4 10. dxe4 Qa5+ 11. Bd2 Qe5 12. Qe2 Rxh2 13. O-O-O Rxh1 14. Rxh1 Nd7 15. Rh5 Qc7 16. f3 O-O-O 17. Qe3 Qb6 18. Qxb6 Nxb6 19. Bf4 g6 20. Ra5 a6 21. Kb1 Nc4 22. Ra4 Rd1+ 23. Bc1 Nd2+ 24. Ka1 Rxc1# 0-1

[Event "Quebec-ch U10"]
[Site "Montreal CAN"]
[Date "2009.11.27"]
[Round "1"]
[White "Zhu, Hong Rui"]
[Black "Gao, Christine"]
[Result "1-0"]
[WhiteElo "1704"]
[BlackElo "1058"]
[PlyCount "123"]
[GameId "2160767910030096"]
[EventDate "2009.11.27"]
[EventType "swiss"]
[EventRounds "5"]
[EventCountry "CAN"]
[SourceTitle "hb 2010.01"]

1. e4 c5 2. Nf3 d6 3. d4 cxd4 4. Nxd4 Nf6 5. Nc3 a6 6. Be2 e6 7. Be3 Be7 8. O-O O-O 9. f4 Qc7 10. Qd2 b5 11. a3 Bb7 12. Bf3 Nbd7 13. f5 e5 14. Nb3 Nc5 15. Bxc5 dxc5 16. Qe2 Rfd8 17. Rfd1 c4 18. Nd2 Bc5+ 19. Kh1 Rd7 20. Nf1 Rad8 21. Rxd7 Rxd7 22. Rd1 h6 23. Ne3 Bxe3 24. Qxe3 Rxd1+ 25. Bxd1 Qc6 26. Bf3 Qd6 27. Kg1 Qd4 28. Kf2 Qxe3+ 29. Kxe3 Kf8 30. b3 cxb3 31. cxb3 Ke8 32. b4 Kd7 33. a4 bxa4 34. Nxa4 Kc6 35. Nc5 Kb6 36. Be2 a5 37. Nxb7 Kxb7 38. bxa5 Nd7 39. Kd3 Ka6 40. Kc4 Kxa5 41. Kd5 Kb4 42. Kd6 Nb6 43. Kxe5 Kc3 44. Kd6 Kd4 45. Bf3 Nc4+ 46. Ke7 Nd2 47. Kxf7 Nxe4 48. Bxe4 Kxe4 49. Kxg7 Kxf5 50. Kxh6 Kg4 51. Kg6 Kh4 52. Kf5 Kh5 53. g4+ Kh6 54. Kf6 Kh7 55. Kf7 Kh6 56. h4 Kh7 57. g5 Kh8 58. h5 Kh7 59. g6+ Kh6 60. g7 Kxh5 61. g8=Q Kh6 62. Qg6# 1-0

[Event "Quebec-ch U10"]
[Site "Montreal CAN"]
[Date "2009.11.28"]
[Round "2"]
[White "Boissiere, Nicolas"]
[Black "Lingyun, Shi"]
[Result "0-1"]
[WhiteElo "1021"]
[BlackElo "1201"]
[PlyCount "96"]
[GameId "2160767910030097"]
[EventDate "2009.11.27"]
[EventType "swiss"]
[EventRounds "5"]
[EventCountry "CAN"]
[SourceTitle "EXT 2011"]
[Source "ChessBase"]
[SourceDate "2011.11.26"]
[SourceVersion "1"]
[SourceVersionDate "2011.11.26"]
[SourceQuality "1"]

1. d4 d5 2. c4 c6 3. Nc3 Nf6 4. Nf3 a6 5. Bg5 h6 6. Bh4 b5 7. c5 Bf5 8. e3 Nbd7 9. Bd3 Bxd3 10. Qxd3 Qc7 11. O-O e6 12. Rfe1 Be7 13. Rad1 O-O 14. Ne2 Rfe8 15. Ng3 e5 16. Qf5 e4 17. Ne5 Nxe5 18. Qxe5 Qxe5 19. dxe5 Nd7 20. Bxe7 Rxe7 21. f4 exf3 22. gxf3 Nxe5 23. Kf2 Rae8 24. e4 dxe4 25. Nxe4 Nc4 26. Nd6 Nxd6 27. Rxe7 Rxe7 28. cxd6 Rd7 29. Ke3 f6 30. Ke4 Kf7 31. Kf5 g6+ 32. Ke4 Ke6 33. b3 Rxd6 34. Rxd6+ Kxd6 35. Kd3 Kd5 36. Ke2 Kd4 37. Kd2 c5 38. h3 c4 39. bxc4 bxc4 40. a4 c3+ 41. Kc2 Kc4 42. a5 g5 43. Kc1 Kd3 44. Kb1 Kd2 45. Ka2 c2 46. f4 c1=Q 47. f5 Kc2 48. h4 Qb2# 0-1